000 00576nam a22002177a 4500
003 UA-OsUOA
001 118599
007 ta
008 20160912b un ||||| |||| 00| 0 ukr d
100 _aКовальчук В.
090 _a330(477)
_bК56
942 _cSA
040 _aUA-OsUOA
_bukr
_cUA-OsUOA
_dUA-OsUOA
245 _aЧи можна відмовитися від бюджетного фінансування?
300 _aС.6
955 _a0
041 _aukr
080 _a330(477)
773 0 _w118598
650 7 _a330 Економіка взагалі
_2UDC
999 _c404758
_d404758